000 02114nam a2200133Ia 4500
008 220620s9999||||xx |||||||||||||| ||und||
020 _a9783040000000
245 0 _aSupramolecular Chemistry in the 3rd Millennium
546 _aEnglish[eng]
650 _aanion binding||chloride receptor||switchable system||hydroquinone||redox switch||metal-organic frameworks||vapour sorption||solvatochromism||desorption kinetics||ion-channels||crown-ethers||bilayer membranes||self-assembly||supramolecular chemistry||host–guest chemistry||coordination cage||catalysis||crystal structure||copper chloride complexes||H-bonding pattern||tetrazole ligands||X-ray diffraction||Hirshfeld surfaces||uranium(VI)||carboxylates||capsules||structure||luminescence||multicomponent cocrystal||cocrystallization mechanism||cocrystal synthesis||crystal engineering||porous material||molecular recognition||halogen bond||co-crystal||molecular tecton||binary solid||network structure||σ-hole||molecular electrostatic potential||calixarenes||coordination clusters||manganese||molecular magnetism||host–guest interaction||cucurbit[7]uril||4-pyrrolidinopyridinium||copper complexes||chlorido ligand displacement||catalysis regulation||Schiff base ligands||urea hydrolysis||coordination chemistry||hydrogen bonds||metalla-assemblies||coordination-driven self-assembly||orthogonality||ligands||metal ions||complementarity||hydrogen bonding||cyclotricatechylene||metal–organic cage||helicate||metallosupramolecular||chirality||copper(II) complexes||pyrazolato ligands||supramolecular assembly||X-ray crystallography||magnetic susceptibility||EPR spectroscopy||isotropic exchange||antisymmetric exchange||dipolar interaction||DFT calculations||hydrogen bond||pyrazine||chloropyrazine||chloropyrazin-2-amine||copper halide||supramolecular structure||conformational polymorphism||intermolecular contacts||N,N′,N″,N‴-Tetraisopropylpyrophosphoramide||pyrophosphoramide||synthons||supramolecular motifs||n/a
700 _aHousecroft, Catherine
856 _uhttps://mdpi.com/books/pdfview/book/4165
942 _cEB
999 _c34899
_d34899